000 00614nam a2200217Ia 4500
005 20250508164519.0
008 008 250505s9999 xx 000 0 eng d
037 _aTextual
040 _aFEDL
_beng
_cFEDL
041 _aeng
_2eng
084 _a330.092, SZE
_qFEDL
100 _aSzenberg Michael Ed.
245 0 _aEminent economists : Their life philosophies
260 _aCambridge
_bCambridge University Press
_c1992
300 _axvi,304p.
365 _aINR
_b195
546 _aMACESE
650 _aEconomists - Biography
942 _cTEXL
_h330.092, SZE
999 _c1389512
_d1389512